000 00877cam a22002651 4500
001 sa 65006557
003 DLC
005 20260227112143.0
008 970513s1964 ii b 000 0 eng
010 _asa 65006557
025 _aPL480:I-E-4235
035 _a(OCoLC)36894906
040 _aDLC
_cNSyU
_dDLC
042 _apremarc
050 0 0 _aHC253
_b.C4 1964
100 1 _aChakrabarti, Samiran Chandra,
_d1940-
245 1 0 _aEconomic development of Great Britain,
_cby Sudhindra Chandra Chakrabarti, Kunja Bihari Kundu [and] Madan Mohan Patra.
250 _a[2d ed. thoroughly rev.]
260 _aCalcutta,
_bNababharat Publishers
_c[1964]
300 _axii, 163, [1] p.
_c23 cm.
504 _aBibliography: p. [164]
651 0 _aGreat Britain
_xEconomic conditions.
700 1 _aPatra, Madan Mohan,
_ejoint author.
700 1 _aKundu, Kunja Bihari,
_ejoint author.
999 _c64716
_d64716